[Event "29th Czech Open-Rapid 2018"]
[Site "Pardubice"]
[Date "2018.07.18"]
[Round "3"]
[White "Yakimenko, Alexander A"]
[Black "Effenberger, Adam"]
[Result "1/2-1/2"]
[WhiteElo "2035"]
[BlackElo "1817"]
[Annotator "NA RC"]
[PlyCount "156"]
[EventDate "2018.07.18"]
[EventType "swiss"]
[EventCountry "CZE"]
[SourceTitle "playchess.com"]
[Source "ChessBase"]
[SourceQuality "1"]
[TimeControl "900+10"]

1. e4 {[%emt 0:00:00]} c5 {[%emt 0:00:00]} 2. Nf3 {[%emt 0:00:00]} e6 {[%emt 0:00:00]} 3. c3 {[%emt 0:00:03]} Nf6 {[%emt 0:00:03]} 4. e5 {[%emt 0:00:03]} Nd5 {[%emt 0:00:05]} 5. Na3 {[%emt 0:00:42]} a6 {[%emt 0:00:23]} 6. d4 {[%emt 0:01:14]} cxd4 {[%emt 0:00:07]} 7. cxd4 {[%emt 0:00:04]} Bxa3 {[%emt 0:00:36]} 8. bxa3 {[%emt 0:00:02]} Qa5+ {[%emt 0:00:14]} 9. Qd2 {[%emt 0:00:08]} Qxd2+ {[%emt 0:00:32]} 10. Bxd2 {[%emt 0:00:04]} O-O {[%emt 0:00:32]} 11. Bb4 {[%emt 0:00:36]} Re8 {[%emt 0:01:24]} 12. Bd6 {[%emt 0:00:06]} b5 {[%emt 0:00:28]} 13. Bd3 {[%emt 0:01:13]} Nc6 {[%emt 0:01:10]} 14. O-O {[%emt 0:01:35]} Bb7 {[%emt 0:00:10]} 15. Bc5 {[%emt 0:01:14]} Na5 {[%emt 0:01:31]} 16. g3 {[%emt 0:01:21]} Nf4 {[%emt 0:02:16]} 17. Bxh7+ {[%emt 0:00:28]} Kxh7 {[%emt 0:00:12]} 18. Ng5+ {[%emt 0:00:01]} Kg6 {[%emt 0:00:48]} 19. gxf4 {[%emt 0:00:02]} Rh8 {[%emt 0:00:58]} 20. f3 {[%emt 0:00:26]} Rh4 {[%emt 0:00:40]} 21. Rf2 {[%emt 0:01:18]} f6 {[%emt 0:00:59]} 22. Ne4 {[%emt 0:00:14]} Rxf4 {[%emt 0:00:20]} 23. Re1 {[%emt 0:01:43]} Nc4 {[%emt 0:00:26]} 24. Rg2+ {[%emt 0:01:24]} Kf7 {[%emt 0:00:19]} 25. Rg3 {[%emt 0:00:44]} Bxe4 {[%emt 0:01:09]} 26. fxe4 {[%emt 0:00:39]} fxe5 {[%emt 0:00:22]} 27. dxe5 {[%emt 0:01:01]} Nxe5 {[%emt 0:01:03]} 28. Bd6 {[%emt 0:00:46]} Nf3+ {[%emt 0:00:23]} 29. Kf2 {[%emt 0:00:04]} Nxe1+ {[%emt 0:00:50]} 30. Bxf4 {[%emt 0:00:02]} Nc2 {[%emt 0:00:05]} 31. Be5 {[%emt 0:00:15]} g6 {[%emt 0:00:15]} 32. Rc3 {[%emt 0:00:22]} d6 {[%emt 0:00:35]} 33. Rc7+ {[%emt 0:00:21]} Ke8 {[%emt 0:00:41]} 34. Bxd6 {[%emt 0:00:27]} Nd4 {[%emt 0:00:04]} 35. Rg7 {[%emt 0:00:52]} Rd8 {[%emt 0:00:20]} 36. e5 {[%emt 0:00:08]} Nf5 {[%emt 0:00:15]} 37. Rxg6 {[%emt 0:00:01]} Nxd6 {[%emt 0:00:08]} 38. Rxe6+ {[%emt 0:00:03]} Kf7 {[%emt 0:00:11]} 39. Rxd6 {[%emt 0:00:04]} Re8 {[%emt 0:00:32]} 40. e6+ {[%emt 0:00:33]} Ke7 {[%emt 0:00:02]} 41. Rxa6 {[%emt 0:00:01]} Rc8 {[%emt 0:00:07]} 42. Ke3 {[%emt 0:00:28]} Rc2 {[%emt 0:00:06]} 43. Kd4 {[%emt 0:00:04]} Rxh2 {[%emt 0:00:05]} 44. Kc5 {[%emt 0:00:02]} Rh5+ {[%emt 0:00:19]} 45. Kb4 {[%emt 0:00:04]} Re5 {[%emt 0:00:14]} 46. Rb6 {[%emt 0:00:34]} Rxe6 {[%emt 0:00:29]} 47. Rxb5 {[%emt 0:00:02]} Re4+ {[%emt 0:00:01]} 48. Ka5 {[%emt 0:00:21]} Kd7 {[%emt 0:00:06]} 49. Rc5 {[%emt 0:00:17]} Re2 {[%emt 0:00:19]} 50. a4 {[%emt 0:00:19]} Rxa2 {[%emt 0:00:01]} 51. Kb5 {[%emt 0:00:07]} Rb2+ {[%emt 0:00:02]} 52. Ka6 {[%emt 0:00:01]} Kd6 {[%emt 0:00:07]} 53. Rc1 {[%emt 0:00:03]} Rb4 {[%emt 0:00:15]} 54. a5 {[%emt 0:00:02]} Rb2 {[%emt 0:00:01]} 55. Ka7 {[%emt 0:00:02]} Kd7 {[%emt 0:00:03]} 56. a6 {[%emt 0:00:01]} Rb3 {[%emt 0:00:01]} 57. Rc2 {[%emt 0:00:02]} Rb1 {[%emt 0:00:01]} 58. Rh2 {[%emt 0:00:33]} Rb3 {[%emt 0:00:06]} 59. Rh7+ {[%emt 0:00:02]} Kc8 {[%emt 0:00:18]} 60. Rh8+ {[%emt 0:00:04]} Kc7 {[%emt 0:00:03]} 61. Rh7+ {[%emt 0:00:01]} Kc8 {[%emt 0:00:00]} 62. Rb7 {[%emt 0:00:01]} Ra3 {[%emt 0:00:14]} 63. Rb5 {[%emt 0:00:02]} Kc7 {[%emt 0:00:33]} 64. Rc5+ {[%emt 0:00:02]} Kd6 {[%emt 0:00:01]} 65. Rc4 {[%emt 0:00:08]} Rb3 {[%emt 0:00:02]} 66. Ka8 {[%emt 0:00:05]} Kd7 {[%emt 0:00:10]} 67. a7 {[%emt 0:00:02]} Rb2 {[%emt 0:00:05]} 68. Rc1 {[%emt 0:00:03]} Rb3 {[%emt 0:00:03]} 69. Rh1 {[%emt 0:00:05]} Kc7 {[%emt 0:00:08]} 70. Rh7+ {[%emt 0:00:02]} Kc8 {[%emt 0:00:04]} 71. Rh8+ {[%emt 0:00:02]} Kc7 {[%emt 0:00:01]} 72. Rb8 {[%emt 0:00:05]} Ra3 {[%emt 0:00:04]} 73. Rb1 {[%emt 0:00:05]} Rc3 {[%emt 0:00:52]} 74. Rb7+ {[%emt 0:00:07]} Kc8 {[%emt 0:00:01]} 75. Rb8+ {[%emt 0:00:06]} Kc7 {[%emt 0:00:01]} 76. Rh8 {[%emt 0:00:04]} Rb3 {[%emt 0:00:03]} 77. Rb8 {[%emt 0:00:24]} Rc3 {[%emt 0:00:04]} 78. Rc8+ {[%emt 0:00:06]} Kxc8 1/2-1/2

[Event "29th Czech Open-Rapid 2018"]
[Site "Pardubice"]
[Date "2018.07.18"]
[Round "3"]
[White "Gschwendtner, Stanislav"]
[Black "Kutynec, Vladimir"]
[Result "0-1"]
[WhiteElo "2032"]
[BlackElo "2273"]
[Annotator "NA"]
[PlyCount "58"]
[EventDate "2018.07.18"]
[EventType "swiss"]
[EventCountry "CZE"]
[SourceTitle "playchess.com"]
[Source "ChessBase"]
[SourceQuality "1"]
[TimeControl "900+10"]

1. c4 {[%emt 0:00:00]} f5 {[%emt 0:00:06]} 2. d4 {[%emt 0:00:19]} Nf6 {[%emt 0:00:02]} 3. Nf3 {[%emt 0:00:05]} e6 {[%emt 0:00:22]} 4. g3 {[%emt 0:00:07]} Be7 {[%emt 0:00:02]} 5. Bg2 {[%emt 0:00:04]} O-O {[%emt 0:00:02]} 6. Bf4 {[%emt 0:00:11]} d6 {[%emt 0:00:02]} 7. Nc3 {[%emt 0:00:07]} h6 {[%emt 0:00:25]} 8. h4 {[%emt 0:00:31]} a5 {[%emt 0:00:22]} 9. a3 {[%emt 0:00:18]} Ne4 {[%emt 0:04:07]} 10. Nxe4 {[%emt 0:00:12]} fxe4 {[%emt 0:00:02]} 11. Nd2 {[%emt 0:00:06]} d5 {[%emt 0:00:31]} 12. f3 {[%emt 0:00:37]} Rxf4 {[%emt 0:02:22]} 13. gxf4 {[%emt 0:00:07]} e3 {[%emt 0:00:02]} 14. Nb3 {[%emt 0:00:55]} Bxh4+ {[%emt 0:00:08]} 15. Kf1 {[%emt 0:00:02]} dxc4 {[%emt 0:00:42]} 16. Nc5 {[%emt 0:00:23]} Bf6 {[%emt 0:03:55]} 17. Ne4 {[%emt 0:03:19]} Bxd4 {[%emt 0:02:22]} 18. Qc2 {[%emt 0:00:11]} b5 {[%emt 0:01:12]} 19. Rd1 {[%emt 0:00:06]} Nc6 {[%emt 0:00:01]} 20. Ng5 {[%emt 0:01:43]} hxg5 {[%emt 0:00:44]} 21. Qh7+ {[%emt 0:00:06]} Kf8 {[%emt 0:00:10]} 22. fxg5 {[%emt 0:00:27]} Qxg5 {[%emt 0:00:04]} 23. Qh8+ {[%emt 0:01:31]} Ke7 {[%emt 0:00:06]} 24. f4 {[%emt 0:00:32]} Qxf4+ {[%emt 0:00:18]} 25. Bf3 {[%emt 0:00:02]} Qg3 {[%emt 0:00:05]} 26. Rh2 {[%emt 0:00:05]} e5 {[%emt 0:00:02]} 27. Bxc6 {[%emt 0:00:15]} Bb7 {[%emt 0:00:16]} 28. Qxa8 Bxa8 29. Rg2 Qf4+ {Ra1 Qg3} 0-1

[Event "29th Czech Open-Rapid 2018"]
[Site "Pardubice"]
[Date "2018.07.18"]
[Round "3"]
[White "Joukl, Zdenek"]
[Black "Trost, Martin"]
[Result "*"]
[WhiteElo "2029"]
[BlackElo "1838"]
[Annotator "NA RC"]
[PlyCount "56"]
[EventDate "2018.07.18"]
[EventType "swiss"]
[EventCountry "CZE"]
[SourceTitle "playchess.com"]
[Source "ChessBase"]
[SourceQuality "1"]
[TimeControl "900+10"]

1. d4 {[%emt 0:00:00]} d5 {[%emt 0:00:00]} 2. Nf3 {[%emt 0:00:00]} Nf6 {[%emt 0:00:00]} 3. Bf4 {[%emt 0:00:08]} e6 {[%emt 0:00:00]} 4. e3 {[%emt 0:00:07]} Bd6 {[%emt 0:00:04]} 5. Ne5 {[%emt 0:00:24]} O-O {[%emt 0:01:04]} 6. Nd2 {[%emt 0:00:04]} c5 {[%emt 0:00:39]} 7. c3 {[%emt 0:00:25]} Nc6 {[%emt 0:00:19]} 8. Bd3 {[%emt 0:00:54]} Qc7 {[%emt 0:00:44]} 9. Ndf3 {[%emt 0:00:38]} Ne4 {[%emt 0:01:22]} 10. Nxc6 {[%emt 0:01:43]} Bxf4 {[%emt 0:05:16]} 11. Ne7+ {[%emt 0:02:13]} Qxe7 {[%emt 0:00:26]} 12. exf4 {[%emt 0:00:08]} b6 {[%emt 0:01:47]} 13. O-O {[%emt 0:00:31]} Bb7 {[%emt 0:00:30]} 14. Re1 {[%emt 0:00:24]} Rac8 {[%emt 0:01:09]} 15. a4 {[%emt 0:00:20]} a6 {[%emt 0:01:33]} 16. Re3 {[%emt 0:00:53]} c4 {[%emt 0:01:07]} 17. Bc2 {[%emt 0:00:30]} Rfe8 {[%emt 0:01:26]} 18. Qe2 {[%emt 0:00:52]} Nf6 {[%emt 0:00:19]} 19. Ne5 {[%emt 0:01:32]} Nd7 {[%emt 0:00:10]} 20. Rh3 {[%emt 0:01:26]} g6 {[%emt 0:00:08]} 21. Ng4 {[%emt 0:00:51]} Nf6 {[%emt 0:00:14]} 22. Nh6+ {[%emt 0:00:31]} Kg7 {[%emt 0:00:06]} 23. Re1 {[%emt 0:00:11]} Rc7 {[%emt 0:00:13]} 24. Qf3 {[%emt 0:01:02]} Ng8 {[%emt 0:00:10]} 25. Ng4 {[%emt 0:00:24]} Nf6 {[%emt 0:00:02]} 26. Ne5 {[%emt 0:00:06]} Nd7 {[%emt 0:00:08]} 27. Qe3 {[%emt 0:00:23]} Rcc8 {[%emt 0:00:18]} 28. f5 {[%emt 0:00:19]} g5 {[%emt 0:00:15]} *

[Event "29th Czech Open-Rapid 2018"]
[Site "Pardubice"]
[Date "2018.07.18"]
[Round "3"]
[White "Natarov, Ilya"]
[Black "Balint, Vilmos"]
[Result "0-1"]
[WhiteElo "2028"]
[BlackElo "2220"]
[Annotator "TA"]
[PlyCount "60"]
[EventDate "2018.07.18"]
[EventType "swiss"]
[EventCountry "CZE"]
[SourceTitle "playchess.com"]
[Source "ChessBase"]
[SourceQuality "1"]

{[%evp 15,60,-5,28,-32,8,15,3,-52,-61,-74,-45,-54,-45,-49,-67,-61,-45,-60,-57,-293,-282,-342,-210,-301,-198,-419,-416,-415,-409,-387,-383,-634,-607,-608,-608,-630,-508,-494,-454,-595,-583,-5410,-5406,-29985,-29986,-29989,-29977]} 1. d4 f5 2. Nc3 Nf6 3. Bg5 d5 4. e3 e6 5. Bd3 (5. Nf3 Be7 6. Bd3 O-O 7. O-O Ne4 8. Bxe7 Qxe7 9. Ne2 Nd6 10. Rc1 Nd7 11. c4 c6 12. Qb3 Kh8 13. Qa3 a5 14. Ne5 {½-½ (45) So,W (2770)-Carlsen,M (2855) Leuven 2016}) 5... c5 6. dxc5 {A80: Holländische Verteidigung} Bxc5 7. Nf3 O-O 8. O-O Nc6 {LiveBook: 3 Partien} 9. Bb5 (9. Na4 $11 Be7 10. c4) 9... a6 $146 ({Vorgänger:} 9... Bd6 10. g3 h6 11. Bf4 Bxf4 12. gxf4 a6 {1-0 (42) Laren,P-Yahkind,A Detroit 1990}) 10. Bxc6 bxc6 11. Qe2 (11. Na4 $11 Bd6 12. c4) 11... a5 {Und ...La6 würde nun gewinnen.} 12. Rfd1 Ba6 13. Qe1 Rb8 14. Na4 Bb4 15. c3 Bd6 $36 {[%mdl 2048] Schwarz kämpft um Vorteil.} 16. b3 Qc7 17. g3 $2 (17. c4 $15 Ne4 18. Rac1) 17... Ne4 $19 18. c4 dxc4 {Droht stark ...e5.} 19. bxc4 (19. Rxd6 $142 Nxg5 20. Nxg5 Qxd6 21. Qxa5) 19... Bxc4 {[#] Und weiter mit ...Lb4 wäre nett.} 20. a3 $2 (20. Bf4) 20... Bb3 21. Rxd6 Nxg5 ({Bloß nicht} 21... Nxd6 22. Nc5 $19) ({Schwächer ist} 21... Qxd6 22. Bf4 $19) ({Nicht} 21... Bxa4 22. Rd4 $17) 22. Nxg5 Qxd6 23. Qxa5 $2 {[#]} (23. Nc3) 23... Ra8 24. Qc5 Qd8 25. Nb6 Qxg5 26. Nxa8 Rxa8 27. Qxc6 Bd5 28. Qb5 Qg4 29. Rb1 Qe4 {[%csl Gd5][%cal Re4h1]} 30. Kf1 Bc4+ {Precision: Weiß = 20%, Schwarz = 77%.} 0-1

[Event "29th Czech Open-Rapid 2018"]
[Site "Pardubice"]
[Date "2018.07.18"]
[Round "3"]
[White "Rakshitta Ravi"]
[Black "Bogdanov, Egor"]
[Result "1/2-1/2"]
[WhiteElo "2026"]
[BlackElo "2328"]
[Annotator "TA"]
[PlyCount "124"]
[EventDate "2018.07.18"]
[EventType "swiss"]
[EventCountry "CZE"]
[SourceTitle "playchess.com"]
[Source "ChessBase"]
[SourceQuality "1"]

{[%evp 16,124,11,18,70,29,39,29,52,70,100,98,106,12,4,10,69,-37,-34,-33,-37,-41,-32,-57,-41,-42,-27,-33,-30,-23,-18,-49,22,0,85,50,87,87,133,91,91,54,122,84,102,47,58,21,13,35,34,0,0,0,14,11,29,21,26,25,29,21,19,22,45,25,104,96,141,0,0,0,0,0,0,0,0,0,0,0,0,0,0,0,0,0,0,0,0,0,0,0,0,0,0,0,0,0,0,0,0,0,0,0,0,0,0,0,0,0,0]} 1. e4 c5 2. Nc3 Nc6 3. Bb5 Nd4 4. Bc4 g6 5. Nf3 Bg7 6. Nxd4 cxd4 7. Qf3 Nf6 {B23: Sizilianisch (Geschlossenes System)} (7... f5 8. Ne2 Qa5 9. c3 dxc3 10. dxc3 Nf6 11. exf5 Qxf5 12. Qxf5 gxf5 13. Bf4 d6 14. Rd1 Bd7 15. O-O {1-0 (69) Wei,Y (2724)-Dubov,D (2661) Ningbo 2015}) 8. Nb5 O-O 9. Nxd4 {LiveBook: 16 Partien} Qa5 (9... e6 $11) 10. Ne2 d5 $146 ({Vorgänger:} 10... Qb4 11. Bd3 e5 12. c3 Qe7 13. Bc2 d5 14. d3 Bg4 15. Qe3 {0-1 (53) Gonzalez de la Torre,S (2277)-Gonzalez Marrero,J (2222) La Algaba 2001}) 11. exd5 Bg4 12. Qc3 Qb6 13. Qb3 Qc7 14. O-O ({Günstiger ist} 14. f3 $16 Bd7 15. d4) 14... Rac8 $11 15. Bd3 Nd7 (15... Bxe2 $11 16. Bxe2 Qxc2) 16. Ng3 (16. Nc3 $14) 16... Nc5 $15 17. Qc4 Nxd3 18. Qxd3 Qxc2 19. Qa3 Qc5 {[%mdl 1024] Schwarz hat Kompensation.} 20. Qa4 h5 21. h3 b5 22. Qe4 Bd7 23. d3 Bf6 ({Lieber} 23... f5 $15 24. Qf3 e6) 24. Be3 $36 {[%mdl 2048] Weiss hat Druck.} Qc7 (24... Qd6 $11) 25. Rac1 Qb7 {[#]} 26. Bd4 $1 Qa6 27. Bxf6 Qxf6 28. Qe3 a5 (28... Rxc1 $14 29. Rxc1 (29. Qxc1 Rc8 $14) 29... h4) 29. b3 Rfd8 30. Rxc8 (30. Rfe1 $16) 30... Rxc8 $14 31. Qa7 Qd6 32. Qxa5 Qxd5 33. Qb4 Bc6 $1 {[%csl Gc6][%cal Rd5g2]} 34. Qe4 Qd6 35. Qe3 Ra8 36. Qe2 Qd5 {[%csl Gc6][%cal Rd5g2]} 37. f3 Qc5+ 38. Kh1 b4 39. Ne4 Qa5 40. Rc1 Bb5 (40... Bxe4 $1 $11 {bleibt in der Remisbreite.} 41. Qxe4 Qxa2) 41. Rc5 $16 {Schwarz muss nun Sg5 beachten.} Qa6 42. Nf2 (42. Ng5 $16) 42... Qxa2 $11 {Die Stellung ist ausgeglichen.} 43. Qxa2 Rxa2 44. Rxb5 {Se4 ist eine echte Drohung.} Rxf2 45. Rxb4 {[%mdl 4096] Endspiel KT-KT} Kg7 46. Kh2 Rd2 47. d4 h4 {[#]} 48. d5 $1 {[%mdl 512]} g5 (48... Rxd5 49. Rxh4) 49. Rb5 Kg6 50. b4 Rb2 51. Rb7 Kf6 52. b5 Rd2 53. Rd7 Rb2 54. d6 exd6 55. Rxd6+ Ke5 56. Rb6 f5 57. Rg6 Kf4 58. b6 Rb1 59. Re6 Rb2 60. Rc6 Ke3 61. Rc5 Kf4 62. Rc4+ Ke3 {Precision: Weiß = 61%, Schwarz = 53%.} 1/2-1/2

[Event "29th Czech Open-Rapid 2018"]
[Site "Pardubice"]
[Date "2018.07.18"]
[Round "3"]
[White "Kolasa, Pjotrs"]
[Black "Zdrazil, Jan"]
[Result "0-1"]
[WhiteElo "2021"]
[BlackElo "1953"]
[Annotator "NA RC"]
[PlyCount "100"]
[EventDate "2018.07.18"]
[EventType "swiss"]
[EventCountry "CZE"]
[SourceTitle "playchess.com"]
[Source "ChessBase"]
[SourceQuality "1"]
[TimeControl "900+10"]

1. Nf3 {[%emt 0:00:00]} Nf6 {[%emt 0:00:00]} 2. c4 {[%emt 0:00:00]} g6 {[%emt 0:00:00]} 3. Nc3 {[%emt 0:00:02]} Bg7 {[%emt 0:00:00]} 4. e4 {[%emt 0:00:03]} d6 {[%emt 0:00:00]} 5. d4 {[%emt 0:00:02]} O-O {[%emt 0:00:00]} 6. h3 {[%emt 0:00:02]} e5 {[%emt 0:00:02]} 7. d5 {[%emt 0:00:02]} Nbd7 {[%emt 0:00:10]} 8. Be3 {[%emt 0:00:10]} Nh5 {[%emt 0:00:27]} 9. Nd2 {[%emt 0:00:44]} a6 {[%emt 0:00:48]} 10. g3 {[%emt 0:00:09]} Rb8 {[%emt 0:01:54]} 11. Be2 {[%emt 0:00:04]} Nhf6 {[%emt 0:00:02]} 12. Qc2 {[%emt 0:00:16]} c6 {[%emt 0:02:21]} 13. g4 {[%emt 0:00:23]} cxd5 {[%emt 0:00:11]} 14. cxd5 {[%emt 0:00:06]} b5 {[%emt 0:00:55]} 15. b4 {[%emt 0:01:04]} Nb6 {[%emt 0:00:26]} 16. Nb3 {[%emt 0:00:33]} Qc7 {[%emt 0:00:48]} 17. Rc1 {[%emt 0:03:11]} Nc4 {[%emt 0:01:08]} 18. Bxc4 {[%emt 0:00:04]} bxc4 {[%emt 0:01:19]} 19. Na5 {[%emt 0:00:04]} Rxb4 {[%emt 0:01:35]} 20. Nc6 {[%emt 0:00:02]} Rb7 {[%emt 0:00:05]} 21. Ne2 {[%emt 0:01:25]} Bxg4 {[%emt 0:02:08]} 22. hxg4 {[%emt 0:00:17]} Nxg4 {[%emt 0:00:01]} 23. Ng3 {[%emt 0:04:39]} f5 {[%emt 0:02:02]} 24. Qe2 {[%emt 0:01:14]} Nxe3 {[%emt 0:00:43]} 25. fxe3 {[%emt 0:00:06]} f4 {[%emt 0:00:01]} 26. Nf1 {[%emt 0:01:03]} Qb6 {[%emt 0:00:12]} 27. Qh2 {[%emt 0:00:35]} h6 {[%emt 0:00:24]} 28. Qd2 {[%emt 0:01:41]} fxe3 {[%emt 0:00:38]} 29. Nxe3 {[%emt 0:00:11]} Rf4 {[%emt 0:00:08]} 30. Nxc4 {[%emt 0:00:37]} Rxe4+ {[%emt 0:00:16]} 31. Kd1 {[%emt 0:00:02]} Qc7 {[%emt 0:00:32]} 32. Qd3 {[%emt 0:00:09]} Rg4 {[%emt 0:00:15]} 33. Rf1 {[%emt 0:00:11]} e4 {[%emt 0:00:11]} 34. Qa3 {[%emt 0:00:06]} Rb5 {[%emt 0:00:31]} 35. Ne3 {[%emt 0:00:13]} Rg3 {[%emt 0:00:03]} 36. Qxa6 {[%emt 0:00:10]} Rb2 {[%emt 0:00:13]} 37. Nc4 {[%emt 0:01:04]} Rd3+ {[%emt 0:00:04]} 38. Ke1 {[%emt 0:00:02]} Rh2 {[%emt 0:00:16]} 39. Rf2 {[%emt 0:00:28]} Rh1+ {[%emt 0:00:05]} 40. Rf1 {[%emt 0:00:02]} Rxf1+ {[%emt 0:00:20]} 41. Kxf1 {[%emt 0:00:01]} Qf7+ {[%emt 0:00:00]} 42. Ke1 {[%emt 0:00:04]} Qf3 {[%emt 0:00:28]} 43. Qa7 {[%emt 0:00:32]} Qh1+ {[%emt 0:00:07]} 44. Ke2 {[%emt 0:00:03]} Qg2+ {[%emt 0:00:01]} 45. Ke1 {[%emt 0:00:03]} Qh1+ {[%emt 0:00:24]} 46. Ke2 {[%emt 0:00:04]} Qxc1 {[%emt 0:00:04]} 47. Qa4 {[%emt 0:00:34]} Qh1 {[%emt 0:00:03]} 48. Ne7+ {[%emt 0:00:11]} Kh7 {[%emt 0:00:02]} 49. Qe8 {[%emt 0:00:10]} Qf3+ {[%emt 0:00:01]} 50. Ke1 {[%emt 0:00:02]} Rd1# 0-1

[Event "29th Czech Open-Rapid 2018"]
[Site "Pardubice"]
[Date "2018.07.18"]
[Round "3"]
[White "Hauschild, Rudolf jun"]
[Black "Vusatiuk, Vladimir"]
[Result "1-0"]
[WhiteElo "2015"]
[BlackElo "2321"]
[Annotator "NA"]
[PlyCount "86"]
[EventDate "2018.07.18"]
[EventType "swiss"]
[EventCountry "CZE"]
[SourceTitle "playchess.com"]
[Source "ChessBase"]
[SourceQuality "1"]
[TimeControl "900+10"]

1. e4 {[%emt 0:00:00]} e6 {[%emt 0:00:00]} 2. d4 {[%emt 0:00:00]} d5 {[%emt 0:00:00]} 3. exd5 {[%emt 0:00:00]} exd5 {[%emt 0:00:00]} 4. c4 {[%emt 0:00:00]} Nf6 {[%emt 0:00:00]} 5. Nc3 {[%emt 0:00:02]} Bb4 {[%emt 0:00:00]} 6. h3 {[%emt 0:00:11]} O-O {[%emt 0:00:01]} 7. Be3 {[%emt 0:00:01]} Re8 {[%emt 0:00:14]} 8. Nf3 {[%emt 0:00:05]} Ne4 {[%emt 0:00:28]} 9. Rc1 {[%emt 0:00:12]} Ng3 {[%emt 0:00:11]} 10. Rg1 {[%emt 0:01:23]} Nf5 {[%emt 0:00:14]} 11. a3 {[%emt 0:00:50]} Bxc3+ {[%emt 0:05:31]} 12. Rxc3 {[%emt 0:00:04]} c5 {[%emt 0:00:03]} 13. cxd5 {[%emt 0:00:35]} cxd4 {[%emt 0:01:02]} 14. Nxd4 {[%emt 0:00:10]} Nxe3 {[%emt 0:00:18]} 15. fxe3 {[%emt 0:00:42]} Qxd5 {[%emt 0:00:10]} 16. Nf3 {[%emt 0:00:07]} Qa5 {[%emt 0:00:31]} 17. b4 {[%emt 0:00:15]} Qb6 {[%emt 0:00:04]} 18. Qd4 {[%emt 0:00:07]} Nd7 {[%emt 0:00:46]} 19. Kf2 {[%emt 0:00:30]} Nf6 {[%emt 0:00:31]} 20. Bd3 {[%emt 0:00:26]} Qe6 {[%emt 0:00:45]} 21. Ng5 {[%emt 0:00:38]} Qe7 {[%emt 0:00:03]} 22. Bc4 {[%emt 0:00:24]} Ng4+ {[%emt 0:00:21]} 23. hxg4 {[%emt 0:00:22]} Qxg5 {[%emt 0:00:01]} 24. Bd5 {[%emt 0:00:47]} Bxg4 {[%emt 0:00:27]} 25. Rc7 {[%emt 0:00:21]} Rad8 {[%emt 0:00:56]} 26. Bxf7+ {[%emt 0:00:48]} Kh8 {[%emt 0:00:01]} 27. Qc3 {[%emt 0:00:32]} Rxe3 {[%emt 0:03:32]} 28. Qxe3 {[%emt 0:01:25]} Rd2+ {[%emt 0:00:01]} 29. Qxd2 {[%emt 0:00:03]} Qxd2+ {[%emt 0:00:01]} 30. Kg3 {[%emt 0:00:03]} Qd6+ {[%emt 0:00:03]} 31. Kxg4 {[%emt 0:00:02]} Qxc7 {[%emt 0:00:00]} 32. Rf1 {[%emt 0:00:25]} g6 {[%emt 0:00:02]} 33. Rf3 {[%emt 0:00:18]} Kg7 {[%emt 0:00:03]} 34. Bb3 {[%emt 0:00:02]} h5+ {[%emt 0:00:03]} 35. Kh3 {[%emt 0:00:05]} g5 {[%emt 0:00:00]} 36. g4 {[%emt 0:00:14]} Qc8 {[%emt 0:00:00]} 37. Rg3 {[%emt 0:00:33]} Kh6 {[%emt 0:00:00]} 38. Bd1 {[%emt 0:00:41]} Qd7 {[%emt 0:00:35]} 39. Bf3 {[%emt 0:00:04]} b6 {[%emt 0:00:55]} 40. Be2 {[%emt 0:00:10]} Qe6 {[%emt 0:00:10]} 41. Bf3 {[%emt 0:00:03]} h4 {[%emt 0:00:14]} 42. Rg1 {[%emt 0:00:02]} Qe3 {[%emt 0:00:01]} 43. Rf1 {[%emt 0:00:02]} Qxa3 {[%emt 0:00:05]} 1-0